One Piece - Citations - Qui a dit ? - Statistiques

Statistiques générales
  • Ce quiz a été pris 1 125 fois
  • Le résultat moyen est 12 sur 24
Statistiques - réponses
Phrase Réponse % Correct
Les gens ne cesseront jamais d’avoir des rêves ! Barbe noire
79%
Je veux vivre ! Robin
79%
Je dessinerai une carte du monde entier ! Nami
78%
Je compte sur toi pour me le rendre un jour. Quand tu seras devenu un pirate digne de ce nom. Shanks
77%
La passion et les rêves sont comme le temps, rien ne peut les arrêter, et il en sera ainsi tant qu’il y aura des hommes prêts à donner un sens au mot « liberté ». Gol D. Roger
74%
J'ai beaucoup changé. Avant pour avoir l'air plus fort , j'inventais des mensonges. Maintenant je n'ai plus besoin de mentir. Usopp
70%
Les pirates représenteraient le mal ? La marine la justice ? Ces notions sont pour le moins subjectives ! Il y a des gamins qui n'ont jamais connu la paix et d'autres qui n'ont jamais connu la guerre. Comment veux-tu qu'ils aient les mêmes valeurs ? Doflamingo
67%
Luffy, si pour que tu atteignes ton but, je dois devenir un monstre, alors j'en deviendrai un ! Chopper
64%
Je tenais à te dire merci... J'avais justement besoin de feu ! Sanji
61%
Quand croyez-vous qu’un homme meurt ?Quand il se prend une balle en plein coeur ? Non ! Quand il est atteint d’une maladie incurable ? Non ! Quand il a avalé une soupe de champignons vénéneux ? NON ! …Un homme meurt lorsque son souvenir tombe dans l’oubli ! Hiluluk
59%
Tu auras beau me frapper encore et encore, le seul qui souffrira, c'est toi ! Luffy
57%
Arrête de penser à tout ce que tu as perdu ! Pense plutôt à ce qu'il te reste ! Jinbei
56%
Ce n'est pas Dieu que les hommes craignent. C'est la terreur qu'il incarne ! Ener
53%
Je n'ai pas de sympathie pour les crapules, mais la famille, c'est différent. Garp
51%
Continue ta route, observe le monde de tes propres yeux et alors, peut être qu'à la fin de ton voyage tu parviendras à une conclusion différente de la nôtre. Rayleigh
50%
Peu importe qui t'as mis au monde, nous sommes tous des enfants de la mer ! Barbe blanche
34%
Que ce soit en bien ou en mal. La terre entière entendra parler de moi ! Zoro
32%
Vivre n'est pas un crime ! Franky
30%
La mort n'est pas une excuse. Un homme n'a qu'une parole ! Brook
27%
Tes petits stratagèmes n'ont pas leur place dans un combat entre hommes ! Katakuri
21%
Je n'ai même pas eu mal. C'est toi qui souffrais le plus... Corazon
18%
Parce que nous sommes amis ! Je n'ai besoin d'aucune autre raison ! Bonclay
17%
En ce bas monde, la solitude n'existe pas ! Sauro
16%
Seuls ceux qui n'abandonnent jamais peuvent prétendre aux miracles ! Ivankov
14%
Aucun quiz correspondant
Distribution des résultats
% des personnes avec chaque résultat
Percentile par nombre de réponses
Votre historique - résultats
Vous n’avez pas pris ce quiz